Balfour Beatty stays on top (Record no. 83163)
[ view plain ]
| 000 -LEADER | |
|---|---|
| fixed length control field | 01024cab a22002175a 4500 |
| 001 - CONTROL NUMBER | |
| control field | L153033 |
| 008 - FIXED-LENGTH DATA ELEMENTS--GENERAL INFORMATION | |
| fixed length control field | 110525e20110421xxk 000 0 eng d |
| 035 ## - SYSTEM CONTROL NUMBER | |
| System control number | (Sirsi) u153033 |
| 041 0# - LANGUAGE CODE | |
| Language code of text/sound track or separate title | eng |
| 100 1# - MAIN ENTRY--PERSONAL NAME | |
| Personal name | Matthews, David |
| 245 00 - TITLE STATEMENT | |
| Title | Balfour Beatty stays on top |
| Remainder of title | business barometer, big public sector job saves the firm from dropping out of the top 10 table altogether |
| 260 ## - PUBLICATION, DISTRIBUTION, ETC. | |
| Date of publication, distribution, etc. | 2011 |
| 490 ## - SERIES STATEMENT | |
| Series statement | Building |
| Volume/sequential designation | 276(8679) 20 May 2011, 20-21(2) |
| 520 ## - SUMMARY, ETC. | |
| Summary, etc. | Overview, tables of top contractors excluding and including civils for work won in April 2011, yearly work won 1 April 2010-30 April 2011, and top architects, clients/promoters and quantity surveyors 1 April 2010 to 30 April 2011, comment on ONS construction output statistics; outlook for warehousing is cautiously positive; public sector construction output is now in recession. |
| 590 ## - LOCAL NOTE (RLIN) | |
| Local note | KA |
| 651 #4 - SUBJECT ADDED ENTRY--GEOGRAPHIC NAME | |
| Geographic name | United Kingdom |
| Chronological subdivision | |
| 690 ## - LOCAL SUBJECT ADDED ENTRY--TOPICAL TERM (OCLC, RLIN) | |
| Topical term or geographic name as entry element | BUILT ENVIRONMENT-CONSTRUCTION MARKET |
| 700 1# - ADDED ENTRY--PERSONAL NAME | |
| Personal name | Green, Brian |
| 700 1# - ADDED ENTRY--PERSONAL NAME | |
| Personal name | Forrest, Kelly |
| 942 ## - ADDED ENTRY ELEMENTS (KOHA) | |
| Suppress in OPAC | 0 |
| Withdrawn status | Lost status | Source of classification or shelving scheme | Damaged status | Not for loan | Home library | Current library | Shelving location | Date acquired | Total Checkouts | Full call number | Barcode | Date last seen | Copy number | Price effective from | Koha item type |
|---|---|---|---|---|---|---|---|---|---|---|---|---|---|---|---|
| Dewey Decimal Classification | London | London | Journal article | 25/05/2011 | L153033 | 153033-1001 | 06/08/2019 | 1 | 06/08/2019 | Journal article |